000 00590nam a2200229Ia 4500
003 OSt
005 20220926032346.0
006 a|||||r|||| 00| 0
007 ta
008 220923b |||||||| |||| 00| 0 eng d
037 _cGeneral Book
040 _aRTL
_cRTL
_beng
041 _2eng
_aeng
082 _aV491.N5, J0/Q7
245 0 _aPakhton Question
260 _aSussex
_bKey Press
_c1950
300 _a60p
_ccm.
500 _aBibliography: P 60
650 _aFreedom Struggle History
942 _hV491.N5, J0/Q7
_cGB
_2CC
999 _c654456
_d654456